Pharmaceutics-1 Practical (Record no. 8949)
[ view plain ]
| 000 -LEADER | |
|---|---|
| fixed length control field | 00355nam a22001337a 4500 |
| 003 - CONTROL NUMBER IDENTIFIER | |
| control field | OSt |
| 008 - FIXED-LENGTH DATA ELEMENTS--GENERAL INFORMATION | |
| fixed length control field | 200714b ||||| |||| 00| 0 eng d |
| 100 ## - MAIN ENTRY--PERSONAL NAME | |
| Personal name | Narang , Jasjeet Kaur & Other |
| 245 ## - TITLE STATEMENT | |
| Title | Pharmaceutics-1 Practical |
| 250 ## - EDITION STATEMENT | |
| Edition statement | 2018 |
| 260 ## - PUBLICATION, DISTRIBUTION, ETC. (IMPRINT) | |
| Place of publication, distribution, etc | New Delhi |
| Name of publisher, distributor, etc | Paging |
| 650 ## - SUBJECT ADDED ENTRY--TOPICAL TERM | |
| Topical term or geographic name as entry element | Pharmaceutics (Dispensing and General Pharmacy |
| 942 ## - ADDED ENTRY ELEMENTS (KOHA) | |
| Source of classification or shelving scheme | Dewey Decimal Classification |
| Koha item type | Text Books |
| 942 ## - ADDED ENTRY ELEMENTS (KOHA) | |
| -- | 1 |
| Withdrawn status | Lost status | Source of classification or shelving scheme | Damaged status | Not for loan | Collection code | Home library | Current library | Date acquired | Source of acquisition | Currency | Cost, normal purchase price | Bill Number | Total Checkouts | Full call number | Acc. no. / Barcode | Date last seen | Actual Cost, discounted price | Bill Date | Koha item type | Date last borrowed |
|---|---|---|---|---|---|---|---|---|---|---|---|---|---|---|---|---|---|---|---|---|
| Dewey Decimal Classification | B.Pharma | PIET C-LIBRARY | PIET C-LIBRARY | 01/02/2020 | Kirti Prakashan | Indian Rup | 295.00 | IN6239 | 615.4 NAP | BP871 | 14/07/2020 | 212.40 | 01/02/2020 | Reference Books | ||||||
| Dewey Decimal Classification | B.Pharma | PIET C-LIBRARY | PIET C-LIBRARY | 01/02/2020 | Kirti Prakashan | Indian Rup | 295.00 | IN6239 | 1 | 615.4 NAP | BP872 | 05/08/2023 | 212.40 | 01/02/2020 | Text Books | 27/03/2023 | ||||
| Dewey Decimal Classification | B.Pharma | PIET C-LIBRARY | PIET C-LIBRARY | 01/02/2020 | Kirti Prakashan | Indian Rup | 295.00 | IN6239 | 2 | 615.4 NAP | BP873 | 17/10/2025 | 212.40 | 01/02/2020 | Text Books | 14/10/2025 | ||||
| Dewey Decimal Classification | B.Pharma | PIET C-LIBRARY | PIET C-LIBRARY | 01/02/2020 | Kirti Prakashan | Indian Rup | 295.00 | IN6239 | 2 | 615.4 NAP | BP874 | 29/10/2025 | 212.40 | 01/02/2020 | Text Books | 28/10/2025 | ||||
| Dewey Decimal Classification | B.Pharma | PIET C-LIBRARY | PIET C-LIBRARY | 01/02/2020 | Kirti Prakashan | Indian Rup | 295.00 | IN6239 | 1 | 615.4 NAP | BP875 | 31/10/2025 | 212.40 | 01/02/2020 | Text Books | 30/10/2025 |